| 000 | 01032nam a2200229Ia 4500 | ||
|---|---|---|---|
| 999 |
_c39928 _d39928 |
||
| 001 | 6533 | ||
| 003 | GE_BSU | ||
| 005 | 20191018173423.0 | ||
| 008 | 181216s1971||||g |||||||||||||| ||geo|| | ||
| 040 | _cGE_BSU | ||
| 041 | _ageo | ||
| 080 | _a821.353.1-11 ბ-78 | ||
| 100 |
_aბობოხიძე, კალე _94852 |
||
| 245 |
_aრა მაწუხებდა, რა მახარებდა : _bპოემა-ქრონიკა / _cკალე ბობოხიძე ; რედ. მ. ქოიავა ; მხატვ. ს. ღამბაშიძე. |
||
| 264 |
_aთბილისი : _bმერანი ; _c1971. |
||
| 300 |
_a90 გვ. ; _b1ფ. პორტრ. _c19 სმ. |
||
| 653 | _aრა მაწუხებდა, რა მახარებდა | ||
| 653 | _aპოემა-ქრონიკა | ||
| 700 |
_aქოიავა, მ. _eრედაქტორი _94864 |
||
| 700 |
_aღამბაშიძე, ს. _eმხატვარი _94865 |
||
| 942 |
_cBK _2udc |
||